00725nam a2200205 a 450000100060000000300090000600800410001502000190005604000280007508200180010311000330012124500350015426000580018930000090024750501110025665000400036765000440040765000330045165000350048422761CO-ViMGA141112s2004 ck r 000 u spa d a97895808334141 aCO-ViMGAbspacCO-ViMGA04a338.163 H641a aHogares Juveniles Campesinos10aManual Agricultura alternativa aColombia : bFundación Hogares Juveniles Campesinos a96p. aAgricultura alternativa, Practica agropecuaria, Manejo de las plagas y enfermedades en plantas, Alelopatia14aAGRICULTURA ALTERNATIVA - MANUALES 14aCONTROL BIOLOGICO DE PLAGAS - MANUALES 14aCONTROL DE PLAGAS - MANUALES14aPATAOLOGIA VEGETAL - MANUALES